• 首页
  • 本馆介绍
  • 公告通知
  • 最新文献
  • 馆藏检索
  • 电子资源
  • 读者导购
  • 参考咨询
  • 我的图书馆
  • 登录
  • 详细信息显示
  • 放入我的书架
  • 预约/预借图书
  • 作者相关作品
  • 分类相关作品
  • 丛书相关作品
  • 出版社相关作品

书目信息

  • 表格格式
  • 工作单格式
  • 卡片格式
题名:
中庸
    
 
作者: 王春元 , 王国轩 , 胡平生 著
分册:  
出版信息: 北京   中国盲文出版社  2013
页数:
开本: 32cm
丛书名:
单 册:
中图分类: I247.5 , B222.1
科图分类:
主题词: 长篇小说--中国--当代--盲文 , 先秦哲学
电子资源:
ISBN: 978-7-5002-3660-3
000 01006nam0 22002651 450
001 1568069587
005 20150201185650.21
010    @a978-7-5002-3660-3@dCNY22.00
100    @a20120326d2013 em y0chiy0110 ea
101 0  @a盲文
102    @aCN@b110000
105    @ay z 000yy
200 1  @a中庸@Azhong yong@9ling hun 2 1 ke@f王国轩,胡平生译注@Fwang guo xuan,hu ping sheng yi zhu
210    @a北京@c中国盲文出版社@d2013
215    @d32cm
330    @a本书是作者灵魂三部曲中的第二部,讲述了主人公华凌由物质世界向精神世界的痛苦转型,小说以华凌60年的人生经历为线索,折射出中国60年的历史变迁。通过女富豪华凌60年的精神流变,探讨了社会上房子问题、股票问题、教育制度问题、信念问题等当前社会上的一些现状。
606 0  @a长篇小说@y中国@z当代@x盲文
606 0  @a先秦哲学
690    @aI247.5@v5
690    @aB222.1@v4
701  0 @a王春元@9wang chun yuan@4著
701  0 @a王国轩@Awang guo xuan@4译注
701  0 @a胡平生@Ahu ping sheng@4译注
801  0 @aCN@bTSSF@c20150115
905    @aZUCC@dB222.1@eJY2
    
    中庸/王国轩,胡平生译注.-北京:中国盲文出版社,2013
    32cm
    
    
    ISBN 978-7-5002-3660-3:CNY22.00
    本书是作者灵魂三部曲中的第二部,讲述了主人公华凌由物质世界向精神世界的痛苦转型,小说以华凌60年的人生经历为线索,折射出中国60年的历史变迁。通过女富豪华凌60年的精神流变,探讨了社会上房子问题、股票问题、教育制度问题、信念问题等当前社会上的一些现状。
●
相关链接 在E读中查询图书 在五车中查询图书 在当当中查询图书 在豆瓣中查询图书


正题名:中庸     索取号:B222.1/JY2         预约/预借

序号 登录号 条形码 馆藏地/架位号 状态 备注
1 7864741   278647412   学院路分馆/ [索取号:B222.1/JY2] 在馆    
唐山师范学院图书馆 欢迎您!
大连网信软件有限公司© 版权所有